FINACIAL MANAGEMENT (Record no. 11601)

MARC details
000 -LEADER
fixed length control field 00217nam a22001097a 4500
003 - CONTROL NUMBER IDENTIFIER
control field SGT
082 ## - DEWEY DECIMAL CLASSIFICATION NUMBER
Classification number 658.15,PAN
100 ## - MAIN ENTRY--PERSONAL NAME
Personal name PANDAY,IM
245 ## - TITLE STATEMENT
Title FINACIAL MANAGEMENT
260 ## - PUBLICATION, DISTRIBUTION, ETC. (IMPRINT)
Place of publication, distribution, etc NEW DELHI
Name of publisher, distributor, etc VIKAS
942 ## - ADDED ENTRY ELEMENTS (KOHA)
Source of classification or shelving scheme Dewey Decimal Classification
Koha item type CDs & DVDs
Holdings
Withdrawn status Lost status Source of classification or shelving scheme Damaged status Not for loan Collection code Home library Current library Shelving location Date acquired Vendor Name SGTU Bill Number Total Checkouts Full call number Accession No. (Barcode) Date last seen Bill Date Koha item type
    Dewey Decimal Classification     LAW SGT Science & Social Sciences Library SGT Science & Social Sciences Library Text Book 24/05/2017 COMMERCIAL BOOK SGTU IN388   658.15,PAN FLCD27 24/05/2017 08/05/2017 CDs & DVDs
    Dewey Decimal Classification     LAW SGT Science & Social Sciences Library SGT Science & Social Sciences Library Text Book 24/05/2017 COMMERCIAL BOOK SGTU IN388   658.15,PAN FLCD28 24/05/2017 08/05/2017 CDs & DVDs
    Dewey Decimal Classification     LAW SGT Science & Social Sciences Library SGT Science & Social Sciences Library Text Book 24/05/2017 COMMERCIAL BOOK SGTU IN388   658.15,PAN FLCD29 24/05/2017 08/05/2017 CDs & DVDs